Studies in resource allocation processes

Αποθηκεύτηκε σε:
Λεπτομέρειες βιβλιογραφικής εγγραφής
Άλλοι συγγραφείς: Arrow, Kenneth Joseph 1921- (Επιμελητής έκδοσης), Hurwicz, Leonid (Επιμελητής έκδοσης)
Μορφή: Βιβλίο
Γλώσσα:English
Δημοσίευση: Cambridge : Cambridge University Press, 1977
Θέματα:
Ετικέτες: Προσθήκη ετικέτας
Δεν υπάρχουν, Καταχωρήστε ετικέτα πρώτοι!

MARC

LEADER 00000cam a2200000 i 4500
001 1/2003
008 950807s1977 eng d
020 |a 0-521-21522-6 
035 |l 10014660 
040 |a GR-MY-UA  |b gre  |e aacr 
041 0 |a eng 
082 0 |a 330.0151 
245 1 0 |a Studies in resource allocation processes /  |c Edited by Kenneth J. Arrow, Leonid Hurwicz 
246 3 3 |a Resource allocation processes 
260 |a Cambridge :   |b Cambridge University Press,   |c 1977 
300 |a xiv, 482 p.;  |b ill.;  |c 24 cm 
500 |a Some of the studies prepared in cooperation with other authors 
504 |a Includes bibliographical references and index 
650 0 0 |a Economics, Mathematical. 
650 0 0 |a Mathematical optimization. 
700 1 |a Arrow, Kenneth Joseph  |d 1921-  |4 edt 
700 1 |a Hurwicz, Leonid.  |4 edt 
852 |a INST  |b LESVOS  |e 19950807  |h 330.0151 STU  |p 005100007546  |q 005100007546  |t BK  |y 0 
909 |a Λ  |b 017033